000 00650nam a2200265Ia 4500
005 20260320203306.0
008 008 262003s9999 xx 000 0 eng d
020 _a978-3-031-69880-4
037 _aEBOOK
040 _aCRL
040 _beng
040 _cCRL
041 _2eng
041 _aeng
084 _qCRL
100 _aOlga Breskaya, Roger Finke, Giuseppe Giordan
_91137293
245 0 _aReligion Between Governance and Freedoms
260 _bSpringer
260 _c2024
650 _aPhilosophy
856 _uhttps://doi.org/10.1007/978-3-031-69880-4
942 _cEBOOK
999 _c1726042
_d1726042